[Event "TOP 16"]
[Site "Metz"]
[Date "2009.03.22"]
[Round "3.2"]
[White "Rozentalis, Eduardas"]
[Black "Krasenkow, Michal"]
[Result "0-1"]
[WhiteElo "2590"]
[BlackElo "2620"]
[WhiteTeam " "]"126"]
[EventDate "1620.??.??"]
[Source "ChessBase"]
[SourceDate "2000.11.22"]

1. e4 c5 2. Nf3 e6 3. c3 d5 4. exd5 Qxd5 5. d4 Nf6 6. a3 Nc6 7. Be3 b6 8. Nbd2
cxd4 9. cxd4 Be7 10. Bc4 Qd6 11. O-O O-O 12. Qe2 Bb7 13. Rad1 Rac8 14. Rfe1 Na5
15. Bd3 Qd5 16. Bg5 Qd8 17. Bb1 Nd5 18. Qe4 g6 19. Qh4 Re8 20. Ne4 f6 21. Bc1
Bf8 22. Bh6 Nc4 23. Bxf8 Rxf8 24. Re2 Nd6 25. Nxd6 Qxd6 26. Rde1 Nf4 27. Re3
Rf7 28. Qg3 Bd5 29. h4 Rd7 30. Qg4 Rdc7 31. g3 Nh5 32. Bxg6 hxg6 33. Qxg6+ Ng7
34. h5 Qe7 35. h6 Qe8 36. Qxf6 Qh5 37. hxg7 Rf7 38. Qh4 Bxf3 39. Qxh5 Bxh5 40.
Rxe6 Kxg7 41. f4 Rc2 42. b4 Rd2 43. d5 Rxd5 44. R6e5 Rxe5 45. Rxe5 Bd1 46. Kf2
Kf6 47. Rd5 Bg4 48. Rd6+ Kf5 49. Rd5+ Ke4 50. Rg5 Bf5 51. g4 Bc8 52. f5 Kf4 53.
Rg8 Rc7 54. Ke2 Bb7 55. Kd3 Bf3 56. f6 Bxg4 57. Rg7 Rxg7 58. fxg7 Be6 59. b5
Bg8 60. Kc3 Ke4 61. Kb4 Kd3 62. Ka4 Kc2 63. Kb4 Bb3 0-1

[Event "TOP 16"]
[Site "Metz"]
[Date "2009.03.22"]
[Round "3.3"]
[White "Sebag, Marie"]
[Black "Kallai, Gabor"]
[Result "1/2-1/2"]
[WhiteElo "2529"]
[BlackElo "2462"]
[WhiteTeam " "]"32"]
[EventDate "1620.??.??"]
[Source "ChessBase"]
[SourceDate "2000.11.22"]

1. e4 c6 2. d4 d5 3. e5 Bf5 4. Nf3 e6 5. Be2 Ne7 6. O-O Nd7 7. Nbd2 Nc8 8. a4
Be7 9. a5 O-O 10. c4 h6 11. Nb3 a6 12. Be3 Na7 13. Nfd2 Bh7 14. f4 f5 15. Bd3
g5 16. Nf3 g4 1/2-1/2

[Event "TOP 16"]
[Site "Metz"]
[Date "2009.03.22"]
[Round "3.4"]
[White "Roos, Daniel"]
[Black "Cornette, Mathieu"]
[Result "1-0"]
[WhiteElo "2425"]
[BlackElo "2564"]
[WhiteTeam " "]"71"]
[EventDate "1620.??.??"]
[Source "ChessBase"]
[SourceDate "2000.11.22"]

1. Nf3 g6 2. d4 Bg7 3. e4 d6 4. Bc4 e6 5. Qe2 Ne7 6. c3 Nd7 7. Nbd2 a6 8. a4 b6
9. O-O Bb7 10. Re1 h6 11. Nf1 O-O 12. h3 c5 13. Ng3 Qc7 14. Bf4 e5 15. dxe5
dxe5 16. Be3 Kh7 17. Rad1 Bc6 18. b3 Qb7 19. Bc1 b5 20. axb5 axb5 21. Bd3 f5
22. exf5 gxf5 23. Nh4 e4 24. Bb1 Ra1 25. Bf4 Nd5 26. Rxd5 Bxd5 27. Nhxf5 Ne5
28. Nxg7 Rxf4 29. N7h5 Nd3 30. Bxd3 exd3 31. Qxd3+ Be4 32. Qe3 Rxe1+ 33. Qxe1
Rf5 34. Nxe4 Qc6 35. Nef6+ Kg6 36. Qb1 1-0

[Event "TOP 16"]
[Site "Metz"]
[Date "2009.03.22"]
[Round "3.5"]
[White "Apicella, Manuel"]
[Black "Varga, Peter"]
[Result "1/2-1/2"]
[WhiteElo "2517"]
[BlackElo "2446"]
[WhiteTeam " "]"120"]
[EventDate "1620.??.??"]
[Source "ChessBase"]
[SourceDate "2000.11.22"]

1. e4 e6 2. d4 d5 3. Nc3 dxe4 4. Nxe4 Nd7 5. Nf3 Ngf6 6. Bg5 h6 7. Nxf6+ Nxf6
8. Bh4 c5 9. Bb5+ Bd7 10. Bxd7+ Qxd7 11. Qe2 Be7 12. dxc5 O-O 13. O-O Bxc5 14.
Ne5 Qc7 15. Rfd1 Rad8 16. Bxf6 gxf6 17. Ng4 Kg7 18. Qf3 f5 19. Qc3+ Kh7 20. Ne5
Rxd1+ 21. Rxd1 Rd8 22. Rxd8 Qxd8 23. Nd3 Bd4 24. Qc4 Qd7 25. a4 Kg7 26. h3 a6
27. a5 Ba7 28. Kf1 Bd4 29. Ke2 Ba7 30. c3 Qd8 31. b4 Qd7 32. Qf4 Qc8 33. Kd2
Bb8 34. Qd4+ f6 35. Nc5 Ba7 36. Nxe6+ Qxe6 37. Qxa7 Qd5+ 38. Qd4 Qxg2 39. h4
Kg6 40. c4 Qc6 41. Qd5 Qc7 42. Kd3 Qe7 43. c5 h5 44. c6 bxc6 45. Qg2+ Kh7 46.
Qxc6 Qxb4 47. Qxa6 Qe4+ 48. Kc3 Qe1+ 49. Kb3 Qb1+ 50. Ka4 Qa2+ 51. Kb4 Qb2+ 52.
Ka4 Qa2+ 53. Kb4 Qb2+ 54. Kc5 Qxf2+ 55. Kd6 Qg3+ 56. Ke6 Qg8+ 57. Ke7 Qg7+ 58.
Ke6 Qg8+ 59. Ke7 Qg7+ 60. Ke6 Qg8+ 1/2-1/2

[Event "TOP 16"]
[Site "Metz"]
[Date "2009.03.22"]
[Round "3.6"]
[White "Reinhart, Emmanuel"]
[Black "Cossin, Sébastien"]
[Result "0-1"]
[WhiteElo "2329"]
[BlackElo "2471"]
[WhiteTeam " "]"118"]
[EventDate "1620.??.??"]
[Source "ChessBase"]
[SourceDate "2000.11.22"]

1. e4 c5 2. Nf3 e6 3. d4 cxd4 4. Nxd4 a6 5. Nc3 Nc6 6. Be2 Qc7 7. O-O Nf6 8.
Be3 Bb4 9. Na4 O-O 10. Nxc6 bxc6 11. Nb6 Rb8 12. Nxc8 Qxc8 13. Ba7 Ra8 14. Bd4
Be7 15. e5 Nd5 16. c4 Nf4 17. Bf3 Qc7 18. Qd2 Ng6 19. Rad1 Rad8 20. Qe3 c5 21.
Bc3 d6 22. exd6 Bxd6 23. g3 Be5 24. Bxe5 Nxe5 25. Be2 h6 26. Rfe1 a5 27. b3 Ng6
28. Bd3 Ne7 29. Bc2 Rfe8 30. Kf1 Kf8 31. Kg1 Qb6 32. Be4 Rd6 33. Rxd6 Qxd6 34.
Qc3 Qb6 35. Rd1 Rd8 36. Rxd8+ Qxd8 37. f4 f6 38. Kf2 Nc8 39. Qe3 Qd6 40. Ke2
Ke7 41. Bc2 Qc6 42. Qe4 Qxe4+ 43. Bxe4 Nd6 44. Bc2 g5 45. a3 gxf4 46. gxf4 f5
47. Kd2 Kf6 48. Kc3 Ne4+ 49. Bxe4 fxe4 50. Kd2 e5 51. f5 e3+ 52. Kxe3 Kxf5 53.
Kf3 e4+ 54. Ke3 h5 55. Ke2 Kf4 56. h4 e3 57. b4 cxb4 58. axb4 axb4 59. c5 b3
0-1

[Event "TOP16"]
[Site "Metz"]
[Date "1610.03.22"]
[Round "3.7"]
[White "Belkhodja, Slim"]
[Black "Roos, Louis"]
[Result "0-1"]
[WhiteElo "2469"]
[BlackElo "2350"]
[WhiteTeam " "]"80"]
[BlackTeam " "]
[Source "ChessBase"]
[SourceDate "1998.11.10"]

1. e4 e6 2. d3 d5 3. Qe2 Nc6 4. Nf3 dxe4 5. dxe4 e5 6. c3 Nf6 7. Qc2 a6 8. Bg5
h6 9. Bh4 Bd6 10. Nbd2 Be6 11. Bc4 Qe7 12. a4 g5 13. Bg3 O-O-O 14. b3 Nh5 15.
O-O-O f6 16. Kb2 Ba3+ 17. Ka2 Bc5 18. Bxe6+ Qxe6 19. Nc4 b5 20. Nb2 Kb7 21.
Rxd8 Rxd8 22. Rd1 Rxd1 23. Qxd1 b4 24. Nd3 Be7 25. cxb4 Nxg3 26. hxg3 Nxb4+ 27.
Nxb4 Bxb4 28. Qe2 Qb6 29. Nh2 Bc5 30. f3 Qb4 31. Nf1 Qa3+ 32. Kb1 Bd4 33. Qa2
Qb4 34. Qc2 Qe1+ 35. Qc1 Qe2 36. g4 Qxg2 37. Nd2 Be3 38. Kc2 Qe2 39. Qd1 Qf2
40. b4 Bf4 0-1

[Event "TOP 16"]
[Site "Metz"]
[Date "2009.03.22"]
[Round "3.8"]
[White "Nicoara, Malina"]
[Black "Guilleux, Fabien"]
[Result "1/2-1/2"]
[WhiteElo "2163"]
[BlackElo "2303"]
[WhiteTeam " "]"75"]
[BlackTeam " "]
[Source "ChessBase"]
[SourceDate "2000.11.22"]

1. d4 Nf6 2. c4 g6 3. Nc3 d5 4. Nf3 Bg7 5. Bg5 Ne4 6. cxd5 Nxg5 7. Nxg5 e6 8.
Qd2 exd5 9. Qe3+ Kf8 10. Qf4 Bf6 11. h4 h6 12. Nf3 Kg7 13. O-O-O Be6 14. e3 Nd7
15. g4 c5 16. Bb5 cxd4 17. exd4 Nb6 18. g5 Be7 19. Qe5+ Kg8 20. gxh6 Rxh6 21.
h5 Bd6 22. Qe3 Qf6 23. Ne5 Rxh5 24. Rxh5 gxh5 25. Rg1+ Kf8 26. Rg5 h4 27. f4 h3
28. Rh5 Ke7 29. f5 h2 30. Rxh2 Qxf5 31. Rf2 Qh5 32. Nxf7 Rg8 33. Nxd6 Kxd6 34.
Qf4+ Ke7 35. Qf6+ Kd6 36. Qf4+ Ke7 37. Qf6+ Kd6 38. Qf4+ 1/2-1/2

[Event "Top 16"]
[Site "Cannes"]
[Date "2009.03.22"]
[Round "3.1"]
[White "Damljanovic, Branko"]
[Black "Van Wely, Loek"]
[Result "1/2-1/2"]
[WhiteElo "2587"]
[BlackElo "2625"]
[WhiteTeam " "]"97"]
[EventDate "22.??.??"]
[WhiteTeam "Antibes"]
[BlackTeam "Montpellier"]

1. c4 c6 2. e4 d5 3. exd5 cxd5 4. cxd5 Nf6 5. Nc3 Nxd5 6. Nf3 e6 7. d4 Bb4 8.
Qc2 Nc6 9. Bb5 Qa5 10. Bd2 Nxc3 11. Bxc6+ bxc6 12. bxc3 Bd6 13. O-O Qf5 14.
Qxf5 exf5 15. Rfe1+ Be6 16. c4 O-O 17. Rac1 Rab8 18. Rc2 f4 19. Ba5 c5 20. d5
Bf5 21. Rc3 Rb2 22. Ra3 Rc2 23. Bc3 f6 24. h4 h5 25. Rd1 Bg4 26. Rb1 Rb8 27.
Rxb8+ Bxb8 28. Ne1 Rc1 29. Kf1 f3 30. gxf3 Bf5 31. Ke2 g5 32. Ng2 Rc2+ 33. Ke1
Rc1+ 34. Ke2 Rc2+ 35. Ke1 Rc1+ 36. Ke2 Rg1 37. Rb3 Bd6 38. Ne3 gxh4 39. Nxf5 h3
40. Nxd6 h2 41. Rb8+ Kh7 42. Rb7+ Kg6 43. Rf7 h1=Q 44. Rxf6+ Kh7 45. Nf5 Rc1
46. Rf7+ Kg6 47. Rf6+ Kh7 48. Rf7+ Kg6 49. Rf6+ 1/2-1/2

[Event "Top 16"]
[Site "Cannes"]
[Date "2009.03.22"]
[Round "3.2"]
[White "Stellwagen, Daniel"]
[Black "Khenkin, Igor"]
[Result "1-0"]
[WhiteElo "2612"]
[BlackElo "2644"]
[WhiteTeam " "]"81"]
[EventDate "22.??.??"]
[WhiteTeam "Montpellier"]
[BlackTeam "Antibes"]

1. e4 e5 2. Nf3 Nc6 3. Bb5 Nf6 4. O-O Nxe4 5. d4 Nd6 6. Bxc6 dxc6 7. dxe5 Nf5
8. Qxd8+ Kxd8 9. Nc3 h6 10. h3 Bd7 11. b3 a5 12. a4 Kc8 13. Bb2 Bb4 14. Ne4 Be6
15. g4 Bd5 16. Nfd2 Bxd2 17. Nxd2 Nh4 18. Kh2 Rd8 19. Kg3 g5 20. f4 c5 21. Rf2
Ra6 22. Nc4 Ng6 23. f5 Nf4 24. Bc3 Bxc4 25. bxc4 Rc6 26. h4 Rd4 27. Bxd4 cxd4
28. hxg5 hxg5 29. Rxf4 gxf4+ 30. Kxf4 Rxc4 31. Kg5 Rxc2 32. Kf6 Re2 33. g5 c5
34. Kxf7 Rxe5 35. Rf1 Kd8 36. g6 Re7+ 37. Kf6 d3 38. g7 Re8 39. Kf7 c4 40. Rg1
Re7+ 41. Kf6 1-0

[Event "Top 16"]
[Site "Cannes"]
[Date "2009.03.22"]
[Round "3.3"]
[White "Parligras, Mircea"]
[Black "Hamdouchi, Hichem"]
[Result "1/2-1/2"]
[WhiteElo "2605"]
[BlackElo "2599"]
[WhiteTeam " "]"38"]
[EventDate "22.??.??"]
[WhiteTeam "Antibes"]
[BlackTeam "Montpellier"]

1. e4 d5 2. exd5 Qxd5 3. Nc3 Qa5 4. d4 Nf6 5. Nf3 Bf5 6. Bd2 c6 7. Bc4 e6 8.
Ne4 Qb6 9. Nxf6+ gxf6 10. Bb3 a5 11. a4 Na6 12. Nh4 Bg6 13. Qf3 Qxd4 14. Nxg6
hxg6 15. O-O-O Nc5 16. Bg5 Nxb3+ 17. Qxb3 Qb4 18. Qxb4 axb4 19. Bxf6 Rh5
1/2-1/2

[Event "Top 16"]
[Site "Cannes"]
[Date "2009.03.22"]
[Round "3.4"]
[White "Kosten, Anthony C"]
[Black "Acher, Mathieu"]
[Result "1/2-1/2"]
[WhiteElo "2514"]
[BlackElo "2381"]
[WhiteTeam " "]"87"]
[EventDate "22.??.??"]
[WhiteTeam "Montpellier"]
[BlackTeam "Antibes"]

1. c4 e5 2. Nc3 d6 3. g3 g6 4. d4 Nc6 5. Nf3 Bg4 6. Bg2 Bg7 7. dxe5 dxe5 8. Bg5
f6 9. Be3 Nge7 10. Bc5 Qxd1+ 11. Rxd1 Rd8 12. Nd5 Nxd5 13. cxd5 Ne7 14. h3 Bxf3
15. Bxf3 e4 16. Bxe4 f5 17. Bf3 Bxb2 18. O-O b6 19. Be3 Be5 20. Rd3 O-O 21. Rc1
Rd7 22. Bg5 Kg7 23. Re3 Bf6 24. Bf4 g5 25. Be5 Nxd5 26. Bxd5 Rxd5 27. Rxc7+ Rf7
28. Bxf6+ Kxf6 29. Rc6+ Kg7 30. Kg2 Rd2 31. a3 Ra2 32. f4 gxf4 33. gxf4 Rf6 34.
Rc7+ Rf7 35. Rg3+ Kf6 36. Rc6+ Ke7 37. Kf2 Kd7 38. Rcc3 Re7 39. Rgd3+ Ke8 40.
Re3 Rxe3 41. Rxe3+ Kf7 42. Kf3 a5 43. Rc3 b5 44. e4 1/2-1/2

[Event "Top 16"]
[Site "Cannes"]
[Date "2009.03.22"]
[Round "3.5"]
[White "Bijaoui, Manuel"]
[Black "Libiszewski, Fabien"]
[Result "1/2-1/2"]
[WhiteElo "2404"]
[BlackElo "2481"]
[WhiteTeam " "]"132"]
[EventDate "22.??.??"]
[WhiteTeam "Antibes"]
[BlackTeam "Montpellier"]

1. e4 c5 2. Nf3 Nc6 3. Bb5 g6 4. Bxc6 bxc6 5. O-O Bg7 6. Re1 Nh6 7. c3 O-O 8.
d4 Qb6 9. h3 d6 10. Qc2 f6 11. Be3 cxd4 12. cxd4 Bd7 13. Nc3 Nf7 14. Rad1 Qb7
15. Nd2 Rac8 16. Nc4 f5 17. exf5 Bxf5 18. Qd2 Rfe8 19. b3 d5 20. Nb2 e5 21.
Nca4 Nd6 22. Nc5 Qf7 23. dxe5 Rxe5 24. Bd4 Ree8 25. a4 Ne4 26. Nxe4 Bxe4 27. f3
Bf5 28. b4 Rb8 29. Rc1 Rxe1+ 30. Rxe1 Bf8 31. Bc3 c5 32. bxc5 Bxc5+ 33. Bd4 Bb4
34. Qf4 Re8 35. Rxe8+ Qxe8 36. Bxa7 Qe1+ 37. Kh2 Qe7 38. Bb8 Bc5 39. Be5 d4 40.
g4 Bc2 41. a5 Qe6 42. Kg3 Qa6 43. Bxd4 Bf8 44. Bc3 Bb3 45. Qd4 Qc6 46. Nd3 Qd6+
47. Qxd6 Bxd6+ 48. Be5 Bc4 49. Bxd6 Bxd3 50. Kf4 Kf7 51. Ke5 g5 52. Bb4 Be2 53.
Bd2 Bxf3 54. a6 Ke7 55. Bxg5+ Kd7 56. a7 Kc7 57. Be3 Kb7 58. Kf4 Bd1 59. Kg5
Bc2 60. Kh6 Bb1 61. h4 Bc2 62. Kg7 Bb1 63. h5 Bc2 64. g5 Bb1 65. Kf6 Bc2 66. g6
Bxg6 1/2-1/2

[Event "Top 16"]
[Site "Cannes"]
[Date "2009.03.22"]
[Round "3.6"]
[White "Flear, Glenn C"]
[Black "Miralles, Gilles"]
[Result "1/2-1/2"]
[WhiteElo "2478"]
[BlackElo "2477"]
[WhiteTeam " "]"46"]
[EventDate "22.??.??"]
[WhiteTeam "Montpellier"]
[BlackTeam "Antibes"]

1. d4 d5 2. c4 e6 3. Nc3 c5 4. cxd5 exd5 5. Nf3 Nc6 6. g3 Nf6 7. Bg2 Be7 8. O-O
O-O 9. Bg5 cxd4 10. Nxd4 Re8 11. Qa4 Bd7 12. Rad1 h6 13. Bf4 Nb4 14. Qb3 a5 15.
a4 Bf8 16. Ndb5 Bf5 17. Rd2 Rc8 18. Nxd5 Nfxd5 19. Bxd5 Nxd5 20. Rxd5 Be6 21.
Rxd8 Bxb3 22. Rxc8 Rxc8 23. Nc3 Bb4 1/2-1/2

[Event "Top 16"]
[Site "Cannes"]
[Date "2009.03.22"]
[Round "3.7"]
[White "Perez, Flavio"]
[Black "Prie, Eric"]
[Result "0-1"]
[WhiteElo "2276"]
[BlackElo "2489"]
[WhiteTeam " "]"80"]
[EventDate "22.??.??"]
[WhiteTeam "Antibes"]
[BlackTeam "Montpellier"]

1. Nf3 d5 2. g3 Bg4 3. Bg2 Nd7 4. d3 e6 5. O-O Bd6 6. Nbd2 Ne7 7. e4 O-O 8. h3
Bh5 9. Re1 c5 10. Qe2 Nc6 11. c3 b5 12. a4 bxa4 13. Rxa4 a5 14. g4 Bg6 15. h4
Nb6 16. Ra1 f5 17. gxf5 exf5 18. e5 Nxe5 19. Nxe5 Bxe5 20. Qxe5 Re8 21. Qxe8+
Bxe8 22. Nb3 Qxh4 23. Nxc5 Bf7 24. Be3 Re8 25. Bd4 Rxe1+ 26. Rxe1 f4 27. Re5 h6
28. Bf3 g5 29. Ne6 Nd7 30. Re1 Qh3 31. Bg2 Qf5 32. Ng7 Qxd3 33. Re7 Nc5 34. Ne8
Ne4 35. Bxe4 dxe4 36. Nf6+ Kf8 37. Rxe4 Qb1+ 38. Kh2 Bd5 39. Nd7+ Kf7 40. Ne5+
Ke6 0-1

[Event "Top 16"]
[Site "Cannes"]
[Date "2009.03.22"]
[Round "3.8"]
[White "Benmesbah, Natacha"]
[Black "Cochet, Caroline"]
[Result "0-1"]
[WhiteElo "2138"]
[BlackElo "2052"]
[WhiteTeam " "]"144"]
[EventDate "22.??.??"]
[WhiteTeam "Montpellier"]
[BlackTeam "Antibes"]

1. e4 c5 2. Nf3 Nc6 3. Bb5 g6 4. O-O Bg7 5. Re1 e5 6. Bxc6 dxc6 7. d3 Qe7 8.
Be3 Nf6 9. Qc1 Nd7 10. a4 Nf8 11. Bg5 f6 12. Be3 Ne6 13. c3 O-O 14. d4 cxd4 15.
cxd4 exd4 16. Nxd4 Re8 17. Qc4 Kh8 18. Na3 Nxd4 19. Bxd4 f5 20. Rad1 fxe4 21.
Bxg7+ Qxg7 22. Rxe4 Bf5 23. Red4 h5 24. h3 Be6 25. Qc3 Re7 26. Nc2 Kh7 27. Ne3
Rf8 28. Qc5 Qf6 29. R1d2 a6 30. Nf1 Bd5 31. Ne3 Be6 32. Rd6 Qf7 33. a5 Bc8 34.
Qg5 Re6 35. Rd8 Rf6 36. Rxf8 Qxf8 37. Nc4 Be6 38. Nd6 Bd5 39. Nxb7 Rf7 40. Rxd5
cxd5 41. Qxd5 Rxf2 42. Qe5 Rf1+ 43. Kh2 Rf5 44. Qc7+ Rf7 45. Qd6 Qxd6+ 46. Nxd6
Rf2 47. Ne4 Rxb2 48. Nc5 Rb5 49. Nxa6 Rxa5 50. Nb4 Ra3 51. Nc2 Rc3 52. Nd4 Kg7
53. Kg1 Kf6 54. Kf2 g5 55. Nf3 Kf5 56. Nd4+ Ke5 57. Nf3+ Kf4 58. g3+ Kf5 59.
Kg2 Rc2+ 60. Kg1 Ra2 61. Kf1 Ra5 62. Ke2 g4 63. Nd4+ Ke4 64. Ne6 Ra2+ 65. Kf1
Kf3 66. Ng5+ Kxg3 67. hxg4 hxg4 68. Ne4+ Kf4 69. Nc3 Rc2 70. Nb5 Kg3 71. Nd4
Ra2 72. Nf5+ Kh2 0-1

[Event "Top 16"]
[Site "Cannes"]
[Date "2009.03.22"]
[Round "3.1"]
[White "Dobrev, Nanko"]
[Black "Sasikiran, Krishnan"]
[Result "0-1"]
[WhiteElo "2409"]
[BlackElo "2711"]
[WhiteTeam " "]"71"]
[EventDate "22.??.??"]
[WhiteTeam "Grasse"]
[BlackTeam "Cannes"]

1. d4 Nf6 2. Nf3 g6 3. c4 Bg7 4. Nc3 d5 5. Bg5 Ne4 6. cxd5 Nxg5 7. Nxg5 e6 8.
Nf3 exd5 9. b4 Qd6 10. a3 O-O 11. e3 c6 12. Be2 Bf5 13. Qb3 Nd7 14. O-O a6 15.
a4 Nb6 16. Rac1 Rfc8 17. a5 Nd7 18. Na4 Rc7 19. Nc5 Nxc5 20. bxc5 Qe7 21. Bd3
Bg4 22. Ne1 Qg5 23. Kh1 Re8 24. Nc2 Rce7 25. Rce1 h5 26. f3 Be6 27. Re2 h4 28.
f4 Qh5 29. Ref2 h3 30. f5 gxf5 31. Bxf5 hxg2+ 32. Kxg2 Kh8 33. Qd3 Qh6 34. Kh1
Rg8 35. Qe2 Qh4 36. Rg2 {suite de la partie illisible!} 0-1

[Event "Top 16"]
[Site "Cannes"]
[Date "2009.03.22"]
[Round "3.2"]
[White "Kazhgaleyev, Murtas"]
[Black "Eliet, Nicolas"]
[Result "1-0"]
[WhiteElo "2630"]
[BlackElo "2429"]
[WhiteTeam " "]"67"]
[EventDate "22.??.??"]
[WhiteTeam "Cannes"]
[BlackTeam "Grasse"]

1. d4 d5 2. c4 e6 3. Nc3 Nf6 4. cxd5 Nxd5 5. e4 Nxc3 6. bxc3 c5 7. Nf3 cxd4 8.
cxd4 Bb4+ 9. Bd2 Bxd2+ 10. Qxd2 O-O 11. Bc4 Nd7 12. O-O b6 13. Rfe1 Bb7 14.
Rad1 Rc8 15. Bb3 Re8 16. h3 Nf8 17. d5 exd5 18. exd5 Rxe1+ 19. Rxe1 Qf6 20. Ng5
Qd6 21. Ne4 Qg6 22. Qf4 Rd8 23. Qe5 Bc8 24. Re3 Qf5 25. Qe7 Rd7 26. Qe8 Bb7 27.
Ba4 b5 28. Bxb5 Rxd5 29. Nf6+ gxf6 30. Rg3+ Qg6 31. Rxg6+ hxg6 32. a4 Rg5 33.
Qe7 Bd5 34. Bf1 1-0

[Event "Top 16"]
[Site "Cannes"]
[Date "2009.03.22"]
[Round "3.3"]
[White "Di Paolo, Raffaele"]
[Black "Tkachiev, Vladislav"]
[Result "0-1"]
[WhiteElo "2336"]
[BlackElo "2657"]
[WhiteTeam " "]"37"]
[EventDate "22.??.??"]
[WhiteTeam "Grasse"]
[BlackTeam "Cannes"]

1. e4 d6 2. d4 g6 3. Nc3 Bg7 4. Be3 c6 5. Qd2 b5 6. f3 Nd7 7. a4 b4 8. Nd1 Rb8
9. a5 Ngf6 10. g4 Qc7 11. h4 h6 12. Nh3 e5 13. g5 hxg5 14. Nxg5 d5 15. dxe5
Nxe5 16. f4 Nxe4 17. Qg2 Ng4 18. Bxa7 Qxa7 19. Nxe4 0-1

[Event "Top 16"]
[Site "Cannes"]
[Date "2009.03.22"]
[Round "3.4"]
[White "Fontaine, Robert"]
[Black "Andonov, Bogomil"]
[Result "1-0"]
[WhiteElo "2546"]
[BlackElo "2316"]
[WhiteTeam " "]"47"]
[EventDate "22.??.??"]
[WhiteTeam "Cannes"]
[BlackTeam "Grasse"]

1. e4 c5 2. Nf3 a6 3. c4 d6 4. d4 Bg4 5. dxc5 Bxf3 6. gxf3 dxc5 7. Qxd8+ Kxd8
8. Nc3 e6 9. Be3 Nf6 10. O-O-O+ Nfd7 11. f4 b6 12. f5 Nc6 13. fxe6 fxe6 14. Bh3
Ke7 15. Bg5+ Nf6 16. e5 Nxe5 17. Rhe1 Nf3 18. Bg2 Nxg5 19. Bxa8 Kf7 20. Bg2 Nh5
21. h4 Nf4 22. hxg5 Nxg2 23. Re4 Be7 24. Rg1 1-0

[Event "Top 16"]
[Site "Cannes"]
[Date "2009.03.22"]
[Round "3.5"]
[White "Shoker, Samy"]
[Black "Palac, Mladen"]
[Result "0-1"]
[WhiteElo "2399"]
[BlackElo "2553"]
[WhiteTeam " "]"46"]
[EventDate "22.??.??"]
[WhiteTeam "Grasse"]
[BlackTeam "Cannes"]

1. g3 e5 2. Bg2 d5 3. d3 c6 4. Nf3 Bd6 5. e4 Nf6 6. O-O O-O 7. Nbd2 Re8 8. exd5
cxd5 9. c4 Bf5 10. Nb3 Nc6 11. Bg5 dxc4 12. dxc4 h6 13. Nh4 Bh7 14. Bxf6 Qxf6
15. Qd5 e4 16. Rad1 Rad8 17. Qb5 g5 18. Qxb7 Bf8 19. Bh3 Rxd1 20. Rxd1 gxh4 21.
Qa6 e3 22. f4 e2 23. Re1 Bb4 0-1

[Event "Top 16"]
[Site "Cannes"]
[Date "2009.03.22"]
[Round "3.6"]
[White "Govciyan, Pavel"]
[Black "Karim, Ismael"]
[Result "1-0"]
[WhiteElo "2411"]
[BlackElo "2407"]
[WhiteTeam " "]"163"]
[EventDate "22.??.??"]
[WhiteTeam "Cannes"]
[BlackTeam "Grasse"]

1. c4 c6 2. e4 e5 3. Nf3 d6 4. d4 Nd7 5. Nc3 Ngf6 6. Be2 Be7 7. O-O a6 8. b4
O-O 9. Rb1 Qc7 10. Qc2 b5 11. a4 Bb7 12. Bg5 Rfe8 13. dxe5 dxe5 14. Rfc1 bxa4
15. c5 h6 16. Bd2 a5 17. Nxa4 axb4 18. Bc4 Ba6 19. Bb3 Bb5 20. Nb6 Bxc5 21.
Nxa8 Qa7 22. Ra1 Qb7 23. Qa2 Re7 24. Qa5 Nxe4 25. Bxb4 Bxf2+ 26. Kh1 c5 27. Be1
Bc6 28. Rcb1 Qc8 29. Bc2 Bxe1 30. Qxe1 Ndf6 31. Nb6 Qg4 32. Ra3 g5 33. Re3 Qf4
34. Nc8 Re6 35. Na7 Bd5 36. Nb5 Ng4 37. Re2 Nxh2 38. Rxe4 Nxf3 39. Rxf4 Nxe1
40. Be4 exf4 41. Bxd5 Re5 42. Bc4 Nc2 43. Nd6 Re1+ 44. Rxe1 Nxe1 45. Nxf7 Kg7
46. Ne5 Nc2 47. Kg1 Ne3 48. Be2 Nd5 49. Kf2 Kf6 50. Nd7+ Kf5 51. Bd3+ Ke6 52.
Nxc5+ Ke5 53. Be2 Nf6 54. Bd1 h5 55. Bc2 h4 56. Bg6 Ng4+ 57. Ke2 Ne3 58. Nd3+
Kd4 59. Kf2 Ng4+ 60. Kf3 Nh2+ 61. Ke2 Ng4 62. Ne1 Ke5 63. Nf3+ Kf6 64. Bh5 Nh6
65. Nh2 Nf5 66. Bf3 Ke5 67. Kd3 Ng3 68. Ng4+ Kf5 69. Nf2 Ke5 70. Kc4 Nf1 71.
Ng4+ Kf5 72. Kd4 Nd2 73. Nf2 Nxf3+ 74. gxf3 h3 75. Ng4 Kg6 76. Kd3 Kh5 77. Ke2
Kh4 78. Kf2 h2 79. Nxh2 Kh3 80. Ng4 Kh4 81. Kg2 Kh5 82. Ne5 1-0

[Event "Top 16"]
[Site "Cannes"]
[Date "2009.03.22"]
[Round "3.7"]
[White "Forestier, Flavien"]
[Black "Levacic, Damir"]
[Result "0-1"]
[WhiteElo "2165"]
[BlackElo "2284"]
[WhiteTeam " "]"92"]
[EventDate "22.??.??"]
[WhiteTeam "Grasse"]
[BlackTeam "Cannes"]

1. c4 e5 2. g3 Nf6 3. Bg2 d5 4. cxd5 Nxd5 5. Nf3 Nc6 6. d3 Be7 7. O-O O-O 8. a3
Re8 9. Qc2 Bg4 10. Nbd2 Bf8 11. h3 Bh5 12. Re1 a5 13. b3 Nd4 14. Nxd4 exd4 15.
Nf3 c5 16. Bd2 Qd7 17. Qb2 Ra6 18. g4 Bg6 19. Nh4 h5 20. Nxg6 fxg6 21. Bf3 Kh8
22. Kg2 Be7 23. gxh5 Bh4 24. h6 gxh6 25. Bxd5 Qxd5+ 26. e4 Qh5 27. Bf4 Rf6 28.
Qd2 Ref8 29. Be5 Qxe5 30. Qxh6+ Kg8 31. Qxh4 Rxf2+ 32. Qxf2 Rxf2+ 33. Kxf2 Qf4+
34. Kg2 Qd2+ 35. Kf3 Qxd3+ 36. Kf4 Qxb3 37. e5 Qe6 38. Ke4 Qc6+ 39. Kf4 c4 40.
e6 Kf8 41. e7+ Ke8 42. Re4 c3 43. Rae1 c2 44. Rc1 d3 45. Kg5 Qc3 46. Kxg6 d2
0-1

[Event "Top 16"]
[Site "Cannes"]
[Date "2009.03.22"]
[Round "3.8"]
[White "Leconte, Maria"]
[Black "Forestier, Carole"]
[Result "1-0"]
[WhiteElo "2334"]
[BlackElo "2096"]
[WhiteTeam " "]"61"]
[EventDate "22.??.??"]
[WhiteTeam "Cannes"]
[BlackTeam "Grasse"]

1. e4 e6 2. d4 d5 3. Nc3 Nf6 4. e5 Nfd7 5. f4 c5 6. Nf3 Nc6 7. Be3 cxd4 8. Nxd4
Bc5 9. Qd2 a6 10. O-O-O O-O 11. Nb3 Bxe3 12. Qxe3 b5 13. h4 b4 14. Na4 a5 15.
Kb1 Ba6 16. h5 Qc7 17. Bxa6 Rxa6 18. Qe2 Ra7 19. Rh3 Ne7 20. Nd4 Qc4 21. Qg4
Rc8 22. b3 Qc7 23. Rg3 g6 24. hxg6 Nxg6 25. Rh1 Ndf8 26. Qe2 Rb7 27. f5 exf5
28. Nxf5 Re8 29. Nh6+ Kh8 30. Qf2 Rxe5 31. Qf6# 1-0

[Event "Top16 Chalons"]
[Site "Chalons en Champagne"]
[Date "2009.04.30"]
[Round "4.2"]
[White "Vaisser, Anatoly"]
[Black "Hamdouchi, Hicham"]
[Result "1/2-1/2"]
[WhiteElo "2513"]
[BlackElo "2596"]
[WhiteTeam "Strasbourg"]
[BlackTeam "Montpellier"]

1. d4 Nf6 2. c4 e6 3. Nc3 Bb4 4. e3 O-O 5. Bd3 d5 6. Nf3 b6 7. O-O Bb7 8. cxd5
exd5 9. a3 Bd6 10. b4 Nbd7 11. Qb3 a6 12. a4 c6 13. e4 dxe4 14. Nxe4 Nxe4 15.
Bxe4 h6 16. Bd2 Nf6 17. Bc2 c5 18. bxc5 Bd5 19. Qa3 bxc5 20. dxc5 Bxc5 21. Qxc5
Rc8 22. Qa3 Rxc2 23. Bb4 1/2-1/2

[Event "Top16 Chalons"]
[Site "Chalons en Champagne"]
[Date "2009.04.30"]
[Round "4.3"]
[White "Stellwagen, Daniel"]
[Black "Roos, Daniel"]
[Result "1-0"]
[WhiteElo "2619"]
[BlackElo "2425"]
[WhiteTeam "Montpellier"]
[BlackTeam "Strasbourg"]

1. e4 c5 2. Nf3 d6 3. c3 Nf6 4. h3 Nc6 5. Bd3 d5 6. e5 Nd7 7. Bb5 Qb6 8. Qa4 e6
9. d3 Ndb8 10. c4 a6 11. Nc3 d4 12. Ne4 Bd7 13. O-O Ra7 14. Bxc6 Bxc6 15. Qd1
Bxe4 16. dxe4 Qc6 17. b4 b6 18. bxc5 bxc5 19. Rb1 Nd7 20. Ba3 Be7 21. Qd3 Qc7
22. Qb3 h5 23. h4 Qd8 24. g3 O-O 25. Qa4 Qa8 26. Rfe1 Rc8 27. Bc1 Qc6 28. Qxc6
Rxc6 29. Bf4 Bd8 30. Rb3 Rb6 31. Reb1 Rxb3 32. Rxb3 Bc7 33. Kf1 Kf8 34. Ke2 Ke8
35. Kd3 Nf8 36. Bc1 Nd7 37. Bf4 Kd8 38. Ng5 Ke7 39. Nf3 f6 40. exf6+ gxf6 41.
Ke2 e5 42. Bd2 Ra8 43. Nh2 Ke6 44. g4 hxg4 45. Nxg4 Rh8 46. Nh6 Ba5 47. Ra3
Bxd2 48. Rxa6+ Ke7 49. Nf5+ Kf7 50. Ra7 Ke6 51. Kxd2 Rb8 52. h5 Rb2+ 53. Ke1 d3
54. h6 Re2+ 55. Kd1 Rxf2 56. h7 1-0

[Event "Top16 Chalons"]
[Site "Chalons en Champagne"]
[Date "2009.04.30"]
[Round "4.4"]
[White "Roos, Louis"]
[Black "Kosten, Anthony C."]
[Result "0-1"]
[WhiteElo "2350"]
[BlackElo "2513"]
[WhiteTeam "Strasbourg"]
[BlackTeam "Montpellier"]

1. c4 c5 2. Nc3 Nc6 3. g3 g6 4. d3 Bg7 5. Bd2 d6 6. Bg2 e5 7. a3 a5 8. e3 Nge7
9. Nge2 O-O 10. O-O Rb8 11. Rb1 Be6 12. Qc2 d5 13. cxd5 Nxd5 14. Ne4 b6 15. f4
h6 16. Nf2 Re8 17. fxe5 Nxe5 18. e4 Nc7 19. Nf4 Nb5 20. Nxe6 Rxe6 21. Rbe1 Rd6
22. Bf4 Nd4 23. Qd1 Ne6 24. Bxe5 Bxe5 25. Ng4 Bg7 26. Qf3 Rd7 27. Rd1 h5 28.
Nf6+ Qxf6 29. Qxf6 Bxf6 30. Rxf6 Kg7 31. Rdf1 Re7 32. Bh3 Ng5 33. Bg2 Re6 34.
R6f2 f6 35. h4 Nf7 36. b4 Ne5 37. Rd1 Rd8 38. Bf1 Red6 39. bxc5 bxc5 40. Kg2 c4
0-1